Τότε που σκάβαμε το σκοτάδι : σελίδες απ' τη Μακρόνησο
Αποθηκεύτηκε σε:
| Κύριος συγγραφέας: | |
|---|---|
| Μορφή: | Βιβλίο |
| Γλώσσα: | Greek |
| Δημοσίευση: |
Αθήνα :
Δωρικός,
1982.
|
| Θέματα: | |
| Ετικέτες: |
Προσθήκη ετικέτας
Δεν υπάρχουν, Καταχωρήστε ετικέτα πρώτοι!
|
MARC
| LEADER | 00000cam a2200000 i 4500 | ||
|---|---|---|---|
| 001 | 1/35069 | ||
| 008 | 941103s1982 gr | ||| |||| ||gre|| | ||
| 035 | |a 1989 |c ΔΩΡΕΑ |l 10039830 | ||
| 040 | |a GR-MyUA |b gre |e AACR2 | ||
| 041 | 0 | |a gre | |
| 082 | 0 | |a 889.3 |2 (21) | |
| 100 | 1 | |a Γαζής, Κώστας. | |
| 245 | 1 | 0 | |a Τότε που σκάβαμε το σκοτάδι : |b σελίδες απ' τη Μακρόνησο / |c Κώστα Γαζή. |
| 260 | |a Αθήνα : |b Δωρικός, |c 1982. | ||
| 300 | |a 171 σ. ; |c 21 εκ. | ||
| 650 | 0 | 0 | |a Greek fiction. |
| 650 | 0 | 0 | |a Prisoners |z Greece |z Makronesos |x Fiction. |
| 651 | 0 | |a Greece |x History |y Civil War, 1944-1949 |x Fiction. | |
| 852 | |a INST |b SAMOS |e 19941103 |h 889.3 ΓΑΖ |p 005300000333 |q 005300000333 |t BK |y 0 | ||
| 852 | |a INST |b SYROS |e 20120611 |h 889.3 ΓΑΖ |p 005500010348 |q 005500010348 |t BK |y 0 | ||
| 901 | |a BIBL5-2012-2 | ||
| 909 | |a Ε |b 000143 | ||
| 909 | |a Σ |b 000144 | ||
| 970 | |a ΚΟΝΤΟΥ |b ΠΑΡΑΣΚΕΥΗ |z 2012/06/11 | ||